00529nam a2200193 a 4500001001300000003000900013005001700022008004100039020002300080082001700103100001800120245003700138260005500175300000900230500003500239505002400274650001900298700001800317nice12345678IN_TiNIC20260116013727.0050524s1977 newa grp 000 0 eng  a8121558 c40000a954.792bBUR aBurneel, John aBombay in the Days of Queen Anne aNew Delhi bMunshiram Manoharlal Publishers c1977 a192p aincludes index and biblioraphy2 aBibliography, Index aBombay-History1 aBurneel, John